Aviation communication (Record no. 39895)
[ view plain ]
| 000 -LEADER | |
|---|---|
| fixed length control field | 02205nam a2200385 a 4500 |
| 245 10 - TITLE STATEMENT | |
| Title | Aviation communication |
| 260 ## - PUBLICATION, DISTRIBUTION, ETC. (IMPRINT) | |
| Place of publication | Frankfurt am Main [Germany] : |
| Name of publisher | Peter Lang Edition, |
| Year of publication | 2013. |
| 300 ## - PHYSICAL DESCRIPTION | |
| Number of Pages | 143 p. : |
| Other physical details | ill. (some col.). |
| 500 ## - GENERAL NOTE | |
| General note | "Articles from the conference 'Languages and Cultures above the Clouds: International English between Standardization and Everyday Aviation Communication,' held Nov. 4-5, 2010, Johannes Gutenberg University in Germersheim, organized in cooperation with Deutsche Flugsicherung GmbH, site Stuttgart, Bernhausen/Filderstadt"--T.p. verso. |
| 650 #0 - SUBJECT ADDED ENTRY--TOPICAL TERM | |
| Topical Term | Aeronautics |
| Topical Term | Aeronautics |
| Topical Term | English language |
| Topical Term | Intercultural communication |
| 700 1# - ADDED ENTRY--PERSONAL NAME | |
| Personal name | Hansen-Schirra, Silvia. |
| Personal name | Maksymski, Karin. |
| 856 40 - ELECTRONIC LOCATION AND ACCESS | |
| Uniform Resource Identifier | http://site.ebrary.com/lib/rucke/Doc?id=10722854 |
No items available.
